Central Library OPAC University of Rajshahi

১৯৪৭ সালে উপমহাদেশের বিভক্তি ও পাকিস্তান রাষ্ট্রীয় কাঠামোর বৈষম্য / (Record no. 74188)

MARC details
000 -LEADER
fixed length control field 01130nam a2200241 a 4500
001 - CONTROL NUMBER
control field 74188
003 - CONTROL NUMBER IDENTIFIER
rucl marc code BD-RjUL
005 - DATE AND TIME OF LATEST TRANSACTION
control field 20211209082517.0
008 - FIXED-LENGTH DATA ELEMENTS--GENERAL INFORMATION
fixed length control field 180318t20162012bg af||| |||| 001 0 ben d
020 ## - INTERNATIONAL STANDARD BOOK NUMBER
International Standard Book Number 9789849303169
Terms of availability : tk.225.00
035 ## - SYSTEM CONTROL NUMBER
System control number (BD-RjUL)74406
040 ## - CATALOGING SOURCE
Original cataloging agency BD-RjUL
Language of cataloging ben
Transcribing agency BD-RjUL
Modifying agency BD-RjUL
041 ## - LANGUAGE CODE
Language code of text/sound track or separate title ben
082 ## - DEWEY DECIMAL CLASSIFICATION NUMBER
Edition number 23
Classification number 320.954035
Author mark and year HOU 2018
100 ## - MAIN ENTRY--PERSONAL NAME
Personal name হোসেন, আখতার
9 (RLIN) 228270
245 1# - TITLE STATEMENT
Title ১৯৪৭ সালে উপমহাদেশের বিভক্তি ও পাকিস্তান রাষ্ট্রীয় কাঠামোর বৈষম্য /
Statement of responsibility, etc. মোহাম্মদ আখতার হোসেন
260 ## - PUBLICATION, DISTRIBUTION, ETC. (IMPRINT)
Place of publication, distribution, etc. ঢাকা :
Name of publisher, distributor, etc. প্রত্যাশা,
Date of publication, distribution, etc. ২০১৮
300 ## - PHYSICAL DESCRIPTION
Pagination ১৪৩ পৃ. :
Illustrations চিত্র ;
Size ২৩ সেমি.
500 ## - GENERAL NOTE
General note গ্রন্থপরিচয়গত রেফারেন্স এবং সূচক অন্তর্ভুক্ত ।
650 ## - SUBJECT ADDED ENTRY--TOPICAL TERM
Topical term or geographic name as entry element রাজনীতি
Geographic subdivision উপমহাদেশ
Chronological subdivision ১৯৪৭
9 (RLIN) 228271
Topical term or geographic name as entry element Politics
Geographic subdivision India
Chronological subdivision 1947
9 (RLIN) 228272
942 ## - ADDED ENTRY ELEMENTS (KOHA)
Source of classification or shelving scheme Dewey Decimal Classification
Koha item type Books
Holdings
Lost status Source of classification or shelving scheme Damaged status Not for loan Collection code Permanent Location Current Location Shelving location Date acquired Source of acquisition Cost, normal purchase price Total Checkouts Full call number Date last seen Copy number Koha item type Date checked out
  Dewey Decimal Classification   Not For Loan Non-fiction Central Library, University of Rajshahi Central Library, University of Rajshahi Reading Room 08/08/2018 Author 225.00   B 320.954035 HOU 2018 16/02/2019 C-1 Books  
  Dewey Decimal Classification     Non-fiction Central Library, University of Rajshahi Central Library, University of Rajshahi   08/08/2018 Author 225.00 17 B 320.954035 HOU 2018 17/01/2023 C-2 Books 26/12/2022